[Event "COL-chT (Women)"]
[Site "Risaralda"]
[Date "2023.11.22"]
[Round "6.2"]
[White "Finley Rosero, Karol Valentina"]
[Black "Rivera Burgos, Aura Daniela"]
[Result "1-0"]
[WhiteElo "1683"]
[BlackElo "1308"]
[PlyCount "137"]
[EventDate "2023.11.19"]
[EventType "team-swiss"]
[EventRounds "7"]
[EventCountry "COL"]
[SourceTitle "CB49_2023"]
[SourceDate "2023.12.06"]
[SourceVersion "1"]
[SourceVersionDate "2023.12.06"]
[SourceQuality "1"]
[WhiteTeam "Narino (W)"]
[BlackTeam "Casanare (W)"]
[WhiteTeamCountry "COL"]
[BlackTeamCountry "COL"]

1. e4 c5 2. Nf3 Nc6 3. d4 cxd4 4. Nxd4 Nf6 5. f3 e5 6. Ne2 Bc5 7. Ng3 d6 8. c3 0-0 9. Bg5 h6 10. Bxf6 Qxf6 11. Nd2 Be6 12. Bc4 Rad8 13. Qe2 d5 14. exd5 Bxd5 15. Bxd5 Rxd5 16. Nde4 Qf4 17. Nxc5 Rxc5 18. 0-0 Rd5 19. Ne4 Re8 20. a4 a5 21. Ra3 Rb8 22. Re1 Qf5 23. Rb3 Qe6 24. Rb5 Qd7 25. Kf1 b6 26. Rxd5 Qxd5 27. Nd2 f6 28. Nc4 b5 29. Ne3 Qb3 30. axb5 Rxb5 31. Qc4+ Qxc4+ 32. Nxc4 Rc5 33. Ne3 Ne7 34. Rd1 Kh7 35. Rd7 Ng6 36. Nf5 Kh8 37. Rxg7 Nf4 38. Rd7 Nd5 39. Nxh6 Ne3+ 40. Kf2 Nc2 41. Rd2 Na1 42. Nf5 a4 43. Ne3 Ra5 44. Rd5 Ra6 45. Nc4 Nc2 46. Ra5 Rxa5 47. Nxa5 Kg7 48. Ke2 a3 49. bxa3 Nxa3 50. c4 Kg6 51. Kd3 f5 52. Nc6 Kf6 53. h4 e4+ 54. fxe4 fxe4+ 55. Kxe4 Nxc4 56. g4 Nd6+ 57. Kf4 Nf7 58. Nd4 Kg6 59. Nf5 Kh7 60. h5 Nh8 61. g5 Kg8 62. g6 Nf7 63. gxf7+ Kxf7 64. Kg5 Kg8 65. Kg6 Kh8 66. Nd6 Kg8 67. Nf7 Kf8 68. h6 Kg8 69. h7+ 1-0